| 000 | 00720cab a2200217 4500 | ||
|---|---|---|---|
| 001 | ABS49293 | ||
| 008 | 090401t1993 xxu||||| |||| 00| 0 eng d | ||
| 035 | _a(Sirsi) u70774 | ||
| 041 | _aeng | ||
| 100 | _aCox, G.N | ||
| 245 | _aImportance of bridging the language barrier | ||
| 260 | _c1993 | ||
| 350 | _a0 | ||
| 490 |
_aBuilding Engineer _vSeptember 1993, 16-18(3) |
||
| 520 | _aComments on how a well-presented information appendix to a building condition report enhances a structural survey. Diagram explains terminology used in building survey reports. | ||
| 650 | _aPRESENTATION | ||
| 650 | _aSTRUCTURAL SURVEYS | ||
| 690 | _aBUILT ENVIRONMENT-BUILDING INSPECTION | ||
| 942 | _n0 | ||
| 948 | _c04/03/1997 | ||
| 999 |
_c44563 _d44563 |
||